Historia de las Fuerzas Militares de Colombia / (Registro nro. 7511)
[ vista simple ]
| 000 -LEADER | |
|---|---|
| fixed length control field | 01234nam a22003137a 4500 |
| 003 - CONTROL NUMBER IDENTIFIER | |
| control field | OSt |
| 005 - DATE AND TIME OF LATEST TRANSACTION | |
| control field | 20210309160257.0 |
| 008 - FIXED-LENGTH DATA ELEMENTS--GENERAL INFORMATION | |
| fixed length control field | 210309s1993 ck ahobgr|||| 001 0 spa d |
| 020 ## - INTERNATIONAL STANDARD BOOK NUMBER | |
| International Standard Book Number | 9586143554 |
| Qualifying information | Obra completa |
| 020 ## - INTERNATIONAL STANDARD BOOK NUMBER | |
| International Standard Book Number | 9586143562 |
| Qualifying information | Ejercito I |
| 020 ## - INTERNATIONAL STANDARD BOOK NUMBER | |
| International Standard Book Number | 9586143570 |
| Qualifying information | Ejercito II |
| 020 ## - INTERNATIONAL STANDARD BOOK NUMBER | |
| International Standard Book Number | 9586143589 |
| Qualifying information | Ejercito III |
| 020 ## - INTERNATIONAL STANDARD BOOK NUMBER | |
| International Standard Book Number | 9586143597 |
| Qualifying information | Armada Nacional |
| 020 ## - INTERNATIONAL STANDARD BOOK NUMBER | |
| International Standard Book Number | 9586143600 |
| Qualifying information | Fuerza Aérea Colombiana |
| 040 ## - CATALOGING SOURCE | |
| Original cataloging agency | CO-JMCR |
| Transcribing agency | CO-JMCR |
| 041 0# - LANGUAGE CODE | |
| Language code of text/sound track or separate title | spa |
| 082 04 - DEWEY DECIMAL CLASSIFICATION NUMBER | |
| Classification number | R / 355.009861 / |
| Item number | V152h |
| Edition number | 23 |
| 100 1# - MAIN ENTRY--PERSONAL NAME | |
| Personal name | Valencia Tovar, Alvaro, |
| Relator term | director |
| 9 (RLIN) | 14621 |
| 245 10 - TITLE STATEMENT | |
| Title | Historia de las Fuerzas Militares de Colombia / |
| Statement of responsibility, etc. | director académico General Alvaro Valencia Tovar |
| 260 ## - PUBLICATION, DISTRIBUTION, ETC. | |
| Place of publication, distribution, etc. | Bogotá : |
| Name of publisher, distributor, etc. | Planeta, |
| Date of publication, distribution, etc. | 1993 |
| 300 ## - PHYSICAL DESCRIPTION | |
| Extent | 6 volúmenes : |
| Other physical details | ilustraciones, facsíms, fotografías y mapas a blanco y negro ; |
| Dimensions | 26 cm. |
| Type of unit | |
| 500 ## - GENERAL NOTE | |
| General note | Incluye índice alfabético. |
| 504 ## - BIBLIOGRAPHY, ETC. NOTE | |
| Bibliography, etc. note | Bibliografía al final de cada volumen. |
| 505 2# - FORMATTED CONTENTS NOTE | |
| Miscellaneous information | v. 1-3. |
| Title | Ejército |
| Miscellaneous information | v. 4. |
| Title | Armada Nacional |
| Miscellaneous information | v. 5. |
| Title | Fuerza Aérea Colombiana |
| 610 14 - SUBJECT ADDED ENTRY--CORPORATE NAME | |
| Corporate name or jurisdiction name as entry element | Colombia |
| Subordinate unit | Fuerzas Armadas |
| General subdivision | historia |
| 9 (RLIN) | 14622 |
| 610 14 - SUBJECT ADDED ENTRY--CORPORATE NAME | |
| Corporate name or jurisdiction name as entry element | Colombia |
| Subordinate unit | Fuerza Aérea |
| General subdivision | historia |
| 9 (RLIN) | 14623 |
| 610 14 - SUBJECT ADDED ENTRY--CORPORATE NAME | |
| Corporate name or jurisdiction name as entry element | Colombia |
| Subordinate unit | Ejercito Nacional |
| General subdivision | historia |
| 9 (RLIN) | 14624 |
| 942 ## - ADDED ENTRY ELEMENTS (KOHA) | |
| Source of classification or shelving scheme | Dewey Decimal Classification |
| Koha item type | Books |
| Withdrawn status | Lost status | Source of classification or shelving scheme | Damaged status | Not for loan | Home library | Current library | Date acquired | Source of acquisition | Total Checkouts | Full call number | Barcode | Date last seen | Copy number | Price effective from | Koha item type |
|---|---|---|---|---|---|---|---|---|---|---|---|---|---|---|---|
| Dewey Decimal Classification | Biblioteca Pública José María del Castillo y Rada | Biblioteca Pública José María del Castillo y Rada | 10/02/2020 | Donación | R / 355.009861 / V152h | 201810756 | 03/09/2021 | V.1 / Ej.1 | 03/09/2021 | Books | |||||
| Dewey Decimal Classification | Biblioteca Pública José María del Castillo y Rada | Biblioteca Pública José María del Castillo y Rada | 10/02/2020 | Donación | R / 355.009861 / V152h | 201810755 | 03/09/2021 | V.2 / Ej.1 | 03/09/2021 | Books | |||||
| Dewey Decimal Classification | Biblioteca Pública José María del Castillo y Rada | Biblioteca Pública José María del Castillo y Rada | 10/02/2020 | Donación | R / 355.009861 / V152h | 201810753 | 03/09/2021 | V.3 / Ej.1 | 03/09/2021 | Books | |||||
| Dewey Decimal Classification | Biblioteca Pública José María del Castillo y Rada | Biblioteca Pública José María del Castillo y Rada | 10/02/2020 | Donación | R / 355.009861 / V152h | 201810752 | 03/09/2021 | V.4 / Ej.1 | 03/09/2021 | Books | |||||
| Dewey Decimal Classification | Biblioteca Pública José María del Castillo y Rada | Biblioteca Pública José María del Castillo y Rada | 10/02/2020 | Donación | R / 355.009861 / V152h | 201810751 | 03/09/2021 | V.5 / Ej.1 | 03/09/2021 | Books |